000 00689nam a2200193Ia 4500
008 151119s9999||||xx |||||||||||||| ||und||
082 _a915.479
082 _bGKKV27452
100 _aमेहता सुकेतु
245 _aमहानगर मुंबई हरवता हरवता गवसली
260 _a--
260 _b--
260 _c0
600 _aमेहता सुकेतु
630 _aमहानगर मुंबई हरवता हरवता गवसली
700 _aमेहता सुकेतु
730 _aमहानगर मुंबई हरवता हरवता गवसली
942 _cBOOK
999 _c1079893
_d1079890